Science Quiz

Random Science or Toys Quiz

Animals by Lego Quiz Stats

 Plays Quiz Updated Sep 15, 2018

Score 0/20 Timer 04:00
7 Plays Today
Hint Answer % Correct
Pig
98.2%
Cat
98.1%
Chicken
97.9%
Horse
97.6%
Shark
97.6%
Snake
97.5%
Dog
97.5%
Mouse
97.4%
Bear
97.4%
Crab
97.2%
Hint Answer % Correct
Monkey
97.2%
Dolphin
97.2%
Goat
97.2%
Starfish
97%
Crocodile
96.8%
Fish
96.4%
Octopus
96.2%
Scorpion
94.9%
Jaguar
94.8%
Ostrich
94.1%

You're not logged in!

Compare scores with friends on all Sporcle quizzes.
OR
Log In

Sporcle TV

Today on Sporcle TV


Watch our educational content, quiz creation guides, and fun videos on Sporcle TV.

Show Comments

Extras

Top Quizzes Today


Score Distribution

Your Account Isn't Verified!

In order to create a playlist on Sporcle, you need to verify the email address you used during registration. Go to your Sporcle Settings to finish the process.

Report this User

Report this user for behavior that violates our Community Guidelines.

Details: